| 000 | 00659cam a22002413a 4500 | ||
|---|---|---|---|
| 001 | 20842 | ||
| 003 | PGUSA | ||
| 005 | 20140828083438.0 | ||
| 008 | 070317s2007||||xxu|||||s|||||000 | eng d | ||
| 040 |
_aPGUSA _beng |
||
| 042 | _adc | ||
| 050 | 4 | _aBF | |
| 100 | 1 |
_aBergson, Henri, _d1859-1941 |
|
| 245 | 1 | 0 |
_aDreams _h[electronic resource] / _cHenri Bergson |
| 260 |
_bProject Gutenberg, _c2007 |
||
| 506 | _aPublic domain in the USA. | ||
| 516 | _aElectronic text | ||
| 653 | _aDreams | ||
| 700 | 1 |
_aSlosson, Edwin E. _q(Edwin Emery), _d1865-1929 |
|
| 830 | 0 |
_aProject Gutenberg _v20842 |
|
| 856 | 4 | 0 | _uhttp://www.gutenberg.org/ebooks/20842 |
| 942 | _cEB | ||
| 999 |
_c250097 _d250097 |
||